00589nam a22001697a 450000500170000001000120001702000260002903700130005508200160006810000240008424500710010825000060017926000490018527001190023430000250035350000410037820250127123850.0 aBACEN25 a9789355017352c650.00 bS. Chand a170.4422nd aUpadhyay, Ranvijay  aEthics Integrity And Aptitude in Governance/cBy Ranvijay Upadhyay a2 aNew DelhibS Chand and Company Limitedc2023 a A-27, 2nd Floor, Mohan Co-operative Industrial EstatebNew Delhie110044minfo@schandpublishing.comk011-49731800 axxii,589p.c23cm(pb) a For UPSC Civil Services Examination